| 000 | 00436nam a22001691a 4500 | ||
|---|---|---|---|
| 003 | NEGST | ||
| 005 | 20110718130542.0 | ||
| 008 | 030712s1994 001 0 eng d | ||
| 020 | _a9810060386 | ||
| 100 | 1 | _aLee, Won Sul. | |
| 245 | 1 | 0 |
_aStewardship in action / _cBy Won Sul Lee. |
| 260 |
_aTanglin : _bH.C.A.L.S, _c1994. |
||
| 300 | _aviii, 86p. | ||
| 590 | _aAccession number: 24100 | ||
| 650 | 0 | _aStewardship. | |
| 999 |
_c29828 _d29828 |
||